Wrong answers only. - Statistics

General Stats
  • This quiz has been taken 455 times
  • The average score is 12 of 15
Answer Stats
Question Answer % Correct
Is a gorilla an animal? No
93%
Do you exist? No
91%
How many days in a year? 362
90%
Do you live on planet earth No
90%
Who is Mario’s brother? Bowser
85%
Finish the lyric: Baby Shark _____ Dee Dee Dee Dee Dee Dee
84%
Is Nigeria in Africa? No
84%
How many Dalmatians are there in the film 101 Dalmatian. 66
83%
Who is the current King of England? Andrew
79%
Who made the drink Prime? Deji and Jake Paul
79%
Was Boris Johnson the Prime Minister of the UK? No
73%
Have I made this quiz No
67%
Who are Manchester City’s biggest rivals? Fulham
66%
How many stripes are there on the US flag 15
49%
How old is Jack Grealish 26
48%
No matching quizzes found
Score Distribution
Percent of People with Each Score
Percentile by Number Answered
Your Score History
You have not taken this quiz